Demografie revue pro výzkum populačního vývoje

Gespeichert in:
Bibliographische Detailangaben
Format: Schriftenreihe
Sprache:Tschechisch
Veröffentlicht: Praha Federální statistický úřad 1977
Tags: Tag hinzufügen
Keine Tags, Fügen Sie das erste Tag hinzu!

MARC

LEADER 00000nas2a2200000 4500
001 s104090
005 20250730114155.4
041 0 |a cze 
044 |a CZ 
245 1 0 |a Demografie  |b revue pro výzkum populačního vývoje 
264 1 |a Praha  |b Federální statistický úřad  |c 1977 
300 |a 4 zv. 
773 0 |w eu_un_cat*s120010